Vida vegetal; elementos de botánica /

Guardado en:
Autor Principal: Vidal, Jorge
Formato: Libro
Publicado: Buenos Aires : Stella, 1956
Edición:8a. ed.
Materias:
Etiquetas: Agregar Etiqueta
Sin Etiquetas, Sea el primero en etiquetar este registro!
LEADER 00735nam a22002415a 4500
001 CEM.cems016268
008 130507s1956##################000#0#####d
005 20210927163400.0
003 CEMS
245 1 0 |a Vida vegetal; elementos de botánica /  |c Jorge Vidal, 
250 |a 8a. ed. 
260 |a Buenos Aires :  |b Stella,  |c 1956 
300 |a 304 p. 
100 1 |a Vidal, Jorge 
082 0 4 |a 580 
653 |a Botanica 1er. año 
653 |a Botanica 
653 |a Raiz 
653 |a Tallo 
653 |a Histología vegetal 
859 |a CEMS  |b BIB. CEMS - Agricultura  |h 580  |i V667-1a8  |p A15964.90  |t Ej.1 
859 |a CEMS  |b BIB. CEMS - 11 de abril  |h 580  |i V667-1a8  |p 8772.81  |t Ej.1 
859 |a CEMS  |b BIB. CEMS - Agricultura  |h 580  |i V667-1a8  |p A15963.90  |t Ej.2